Determining rhenium in crude ore by the method of X-ray fluorescence analysis; Bulletin of the Tomsk Polytechnic University; Vol. 311, № 3

Podrobná bibliografie
Parent link:Bulletin of the Tomsk Polytechnic University/ Tomsk Polytechnic University (TPU).— , 2006-2007
Vol. 311, № 3.— 2007.— [P. 84-87]
Hlavní autor: Buinovsky (Buynovskiy, Buinovskii) A. S. Alexander Sergeevich
Další autoři: Kolpakova N. A. Nina Alexandrovna, Melnikova I. A.
Shrnutí:Заглавие с титульного листа
Электронная версия печатной публикации
Optimal conditions of sorption concentration of perrhenate-ions with activated carbon have been considered. The possibility of rhenium determination with accompanying element is shown
Jazyk:angličtina
Vydáno: 2007
Edice:Chemistry
Témata:
On-line přístup:http://www.lib.tpu.ru/fulltext/v/Bulletin_TPU/2007/v311eng/i3/22.pdf
Médium: MixedMaterials Elektronický zdroj Kapitola
KOHA link:https://koha.lib.tpu.ru/cgi-bin/koha/opac-detail.pl?biblionumber=183004

MARC

LEADER 00000nla2a2200000 4500
001 183004
005 20231031171436.0
035 |a (RuTPU)RU\TPU\book\198379 
035 |a RU\TPU\book\198378 
090 |a 183004 
100 |a 20100630d2007 k y0rusy50 ca 
101 1 |a eng  |c rus 
102 |a RU 
135 |a drnn ---uucaa 
200 1 |a Determining rhenium in crude ore by the method of X-ray fluorescence analysis  |b Electronic resource  |f A. S. Buynovskiy, N. A. Kolpakova, I. A. Melnikova 
203 |a Text  |c electronic 
215 |a 1 файл (360 Кб) 
225 1 |a Chemistry 
230 |a Электронные текстовые данные (1 файл : 360 Кб) 
300 |a Заглавие с титульного листа 
300 |a Электронная версия печатной публикации 
320 |a [Bibliography: p. 87 (7 titles)] 
330 |a Optimal conditions of sorption concentration of perrhenate-ions with activated carbon have been considered. The possibility of rhenium determination with accompanying element is shown 
337 |a Adobe Reader 
461 1 |0 (RuTPU)RU\TPU\book\169973  |t Bulletin of the Tomsk Polytechnic University  |f Tomsk Polytechnic University (TPU)  |d 2006-2007 
463 1 |0 (RuTPU)RU\TPU\book\198345  |x 1684-8519  |t Vol. 311, № 3  |v [P. 84-87]  |d 2007  |p 121 p. 
610 1 |a rhenium 
610 1 |a crude ore 
610 1 |a X-Ray 
610 1 |a fluorescence analysis 
610 1 |a optimal conditions 
610 1 |a sorption 
610 1 |a concentration 
610 1 |a ions 
610 1 |a carbon 
610 1 |a elements 
610 1 |a труды учёных ТПУ 
610 1 |a электронный ресурс 
700 1 |a Buinovsky (Buynovskiy, Buinovskii)  |b A. S.  |c chemist  |c Professor of Tomsk Polytechnic University, Doctor of Technical Sciences  |f 1940-  |g Alexander Sergeevich  |2 stltpush  |3 (RuTPU)RU\TPU\pers\47489 
701 1 |a Kolpakova  |b N. A.  |c Maiden Name Polukarova  |c russian chemist  |f 1942-  |g Nina Alexandrovna  |2 stltpush  |3 (RuTPU)RU\TPU\pers\28201 
701 1 |a Melnikova  |b I. A. 
801 1 |a RU  |b 63413507  |c 20090623  |g PSBO 
801 2 |a RU  |b 63413507  |c 20230201  |g PSBO 
856 4 |u http://www.lib.tpu.ru/fulltext/v/Bulletin_TPU/2007/v311eng/i3/22.pdf 
942 |c CF